[Event "DVM U12 2022"]
[Site "München GER"]
[Date "2022.12.27"]
[Round "2"]
[White "Haertel, Leon"]
[Black "Pflugbeil, Julian"]
[Result "1/2-1/2"]
[Termination "normal"]
[Board "3.3"]
[WhiteElo "1265"]
[BlackElo "1214"]
[WhiteClock "00:53:34"]
[BlackClock "01:28:45"]
[WhiteTeam "Hamburger SK von 1830"]
[BlackTeam "SK Bad Homburg 1927"]
[PlyCount "74"]
[WhiteFideId "34623736"]
[BlackFideId "34608850"]
[EventCountry "GER"]
[EventRounds "7"]
[EventType "team-swiss"]
[EventDate "2022.12.26"]

1. d4 {[%clk 01:30:59]} d5 {[%clk 01:30:53]} {[%emt 00:00:08]} 2. c4 {[%clk
01:31:23]} {[%emt 00:00:06]} e6 {[%clk 01:31:19]} {[%emt 00:00:04]} 3. Nc3
{[%clk 01:31:48]} {[%emt 00:00:04]} Nf6 {[%clk 01:31:44]} {[%emt 00:00:05]} 4.
cxd5 {[%clk 01:32:11]} {[%emt 00:00:07]} exd5 {[%clk 01:32:07]} {[%emt
00:00:07]} 5. Bg5 {[%clk 01:32:35]} {[%emt 00:00:06]} Be6 {[%clk 01:32:32]}
{[%emt 00:00:05]} 6. e3 {[%clk 01:32:46]} {[%emt 00:00:19]} Bd6 {[%clk
01:32:54]} {[%emt 00:00:08]} 7. Qb3 {[%clk 01:32:49]} {[%emt 00:00:26]} b6
{[%clk 01:33:00]} {[%emt 00:00:25]} 8. Nf3 {[%clk 01:32:54]} {[%emt 00:00:24]}
Nbd7 {[%clk 01:33:14]} {[%emt 00:00:17]} 9. Bb5 {[%clk 01:32:55]} {[%emt
00:00:29]} Be7 {[%clk 01:33:19]} {[%emt 00:00:25]} 10. Bc6 {[%clk 01:32:57]}
{[%emt 00:00:27]} Rc8 {[%clk 01:33:43]} {[%emt 00:00:07]} 11. Ne5 {[%clk
01:31:57]} {[%emt 00:01:30]} O-O {[%clk 01:33:58]} {[%emt 00:00:15]} 12. Bxd7
{[%clk 01:32:05]} {[%emt 00:00:22]} Bxd7 {[%clk 01:34:01]} {[%emt 00:00:26]}
13. Nxd7 {[%clk 01:32:09]} {[%emt 00:00:27]} Qxd7 {[%clk 01:34:23]} {[%emt
00:00:08]} 14. Bxf6 {[%clk 01:32:33]} {[%emt 00:00:06]} Bxf6 {[%clk 01:34:45]}
{[%emt 00:00:07]} 15. Nxd5 {[%clk 01:32:37]} {[%emt 00:00:27]} Rfe8 {[%clk
01:34:14]} {[%emt 00:01:01]} 16. Nxf6 {[%clk 01:32:12]} {[%emt 00:00:55]} gxf6
{[%clk 01:34:38]} {[%emt 00:00:06]} 17. O-O {[%clk 01:32:27]} {[%emt 00:00:15]}
Kh8 {[%clk 01:34:58]} {[%emt 00:00:11]} 18. Qd1 {[%clk 01:32:14]} {[%emt
00:00:41]} Rg8 {[%clk 01:35:24]} {[%emt 00:00:04]} 19. Qf3 {[%clk 01:32:26]}
{[%emt 00:00:19]} Rg6 {[%clk 01:35:45]} {[%emt 00:00:09]} 20. Kh1 {[%clk
01:32:20]} {[%emt 00:00:35]} Rcg8 {[%clk 01:36:09]} {[%emt 00:00:07]} 21. g3
{[%clk 01:31:55]} {[%emt 00:00:55]} R8g7 {[%clk 01:36:17]} {[%emt 00:00:23]}
22. Rac1 {[%clk 01:31:32]} {[%emt 00:00:53]} h5 {[%clk 01:36:33]} {[%emt
00:00:14]} 23. Rg1 {[%clk 01:27:20]} {[%emt 00:04:40]} Rh7 {[%clk 01:36:32]}
{[%emt 00:00:33]} 24. d5 {[%emt 00:08:46]} Qh3 {[%clk 01:35:02]} {[%emt
00:01:34]} 25. Qg2 {[%clk 01:20:11]} {[%emt 00:01:26]} Qg4 {[%clk 01:33:43]}
{[%emt 00:01:49]} 26. h4 {[%clk 01:14:42]} {[%emt 00:06:00]} Qd7 {[%clk
01:27:29]} {[%emt 00:06:43]} 27. Rc6 {[%emt 00:03:58]} Rhg7 {[%clk 01:26:46]}
{[%emt 00:00:07]} 28. Rgc1 {[%clk 01:06:50]} {[%emt 00:06:00]} Rg4 {[%clk
01:27:08]} {[%emt 00:00:08]} 29. Rxc7 {[%clk 01:01:09]} {[%emt 00:06:12]} Rxh4
{[%clk 01:27:14]} {[%emt 00:00:24]} 30. gxh4 {[%clk 01:01:15]} {[%emt
00:00:21]} Qf5 {[%clk 01:27:06]} {[%emt 00:00:40]} 31. Qxg7 {[%clk 01:00:44]}
{[%emt 00:01:01]} Kxg7 {[%clk 01:27:25]} {[%emt 00:00:11]} 32. d6 {[%clk
00:53:45]} {[%emt 00:07:29]} Qd5 {[%clk 01:27:52]} {[%emt 00:00:03]} 33. Kg1
{[%clk 00:53:55]} {[%emt 00:00:17]} Qxd6 {[%clk 01:28:19]} {[%emt 00:00:06]}
34. Rxa7 {[%clk 00:53:37]} {[%emt 00:00:48]} Qb4 {[%clk 01:28:32]} {[%emt
00:00:11]} 35. Rcc7 {[%clk 00:53:34]} {[%emt 00:00:39]} Qg4 {[%clk 01:28:45]}
{[%emt 00:00:16]} 36. Kf1 {[%emt 00:02:19]} Qd1 37. Kg2 Qg4 {[%emt 00:00:23]}
1/2-1/2

[Event "DVM U12 2022"]
[Site "München GER"]
[Date "2022.12.27"]
[Round "2"]
[White "Li, Xiao Teng"]
[Black "Heil, Felix"]
[Result "0-1"]
[Termination "normal"]
[Board "3.4"]
[WhiteElo "1293"]
[BlackElo "1395"]
[WhiteClock "01:06:00"]
[BlackClock "01:27:49"]
[WhiteTeam "SK Bad Homburg 1927"]
[BlackTeam "Hamburger SK von 1830"]
[PlyCount "56"]
[WhiteFideId "34611053"]
[BlackFideId "34604901"]
[EventCountry "GER"]
[EventRounds "7"]
[EventType "team-swiss"]
[EventDate "2022.12.26"]

1. e4 {[%clk 01:30:56]} {[%emt 00:00:03]} e5 {[%clk 01:30:54]} {[%emt
00:00:06]} 2. Nf3 {[%clk 01:31:12]} {[%emt 00:00:14]} Nc6 {[%clk 01:31:19]}
{[%emt 00:00:05]} 3. d4 {[%emt 00:00:13]} exd4 {[%clk 01:31:41]} 4. Bc4 {[%clk
01:32:03]} {[%emt 00:00:04]} Bc5 {[%clk 01:31:18]} {[%emt 00:00:53]} 5. c3
{[%clk 01:32:29]} {[%emt 00:00:05]} Qf6 {[%clk 01:31:30]} {[%emt 00:00:17]} 6.
O-O {[%clk 01:32:00]} {[%emt 00:01:00]} dxc3 {[%clk 01:31:35]} {[%emt
00:00:24]} 7. Nxc3 {[%clk 01:32:00]} {[%emt 00:00:29]} Nge7 {[%clk 01:31:59]}
{[%emt 00:00:07]} 8. Nd5 {[%clk 01:30:18]} {[%emt 00:02:12]} Nxd5 {[%clk
01:31:52]} {[%emt 00:00:37]} 9. Qxd5 {[%clk 01:30:41]} {[%emt 00:00:07]} d6
{[%clk 01:31:49]} {[%emt 00:00:33]} 10. Bg5 {[%clk 01:30:28]} {[%emt 00:00:44]}
Qe6 {[%clk 01:32:00]} {[%emt 00:00:19]} 11. Qd3 {[%clk 01:30:18]} {[%emt
00:00:39]} Qd7 {[%clk 01:32:09]} {[%emt 00:00:22]} 12. Rfe1 {[%clk 01:28:24]}
{[%emt 00:02:24]} Ne5 {[%clk 01:32:03]} {[%emt 00:00:35]} 13. Nxe5 dxe5 {[%clk
01:32:25]} 14. Qf3 {[%clk 01:27:55]} {[%emt 00:00:41]} O-O {[%clk 01:32:36]}
{[%emt 00:00:19]} 15. Rad1 {[%clk 01:28:10]} {[%emt 00:00:15]} Qg4 {[%clk
01:32:46]} {[%emt 00:00:21]} 16. Rd8 {[%clk 01:24:45]} {[%emt 00:03:55]} Qxf3
{[%clk 01:32:38]} {[%emt 00:00:38]} 17. Rxf8 {[%emt 00:00:35]} Kxf8 {[%clk
01:32:51]} {[%emt 00:00:15]} 18. gxf3 {[%clk 01:24:58]} {[%emt 00:00:14]} f6
{[%clk 01:33:11]} {[%emt 00:00:09]} 19. Bd2 {[%clk 01:24:18]} {[%emt 00:01:09]}
Bh3 {[%clk 01:33:09]} {[%emt 00:00:33]} 20. Bc3 {[%clk 01:24:11]} {[%emt
00:00:38]} Rd8 {[%clk 01:32:14]} {[%emt 00:01:23]} 21. Rc1 {[%clk 01:23:02]}
{[%emt 00:01:40]} c6 {[%clk 01:32:15]} {[%emt 00:00:29]} 22. Be2 {[%clk
01:22:18]} {[%emt 00:01:14]} b6 {[%clk 01:30:12]} {[%emt 00:02:33]} 23. Ba5
{[%clk 01:20:57]} {[%emt 00:01:51]} bxa5 {[%clk 01:27:25]} {[%emt 00:03:17]}
24. Rxc5 {[%clk 01:21:19]} {[%emt 00:00:08]} Rd2 {[%clk 01:27:48]} {[%emt
00:00:07]} 25. f4 {[%clk 01:05:19]} {[%emt 00:16:31]} Rxe2 {[%clk 01:27:57]}
{[%emt 00:00:20]} 26. f3 {[%clk 01:05:28]} {[%emt 00:00:21]} Rg2 {[%clk
01:27:41]} {[%emt 00:00:46]} 27. Kh1 {[%clk 01:05:38]} {[%emt 00:00:20]} Rf2
{[%clk 01:27:49]} {[%emt 00:00:21]} 28. Kg1 {[%clk 01:06:00]} {[%emt 00:00:09]}
Rf1# {[%emt 00:00:24]} 0-1

[Event "DVM U12 2022"]
[Site "München GER"]
[Date "2022.12.27"]
[Round "2"]
[White "Klein, Levent"]
[Black "Türel, Tugrul"]
[Result "0-1"]
[Termination "normal"]
[Board "4.1"]
[WhiteElo "1584"]
[BlackElo "1605"]
[WhiteClock "00:01:17"]
[BlackClock "00:10:51"]
[WhiteTeam "SG Kaiserslautern 1905"]
[BlackTeam "SF München"]
[PlyCount "82"]
[WhiteFideId "34611274"]
[BlackFideId "26338408"]
[EventCountry "GER"]
[EventRounds "7"]
[EventType "team-swiss"]
[EventDate "2022.12.26"]

1. d4 {[%clk 01:30:56]} {[%emt 00:00:04]} Nf6 {[%clk 01:30:55]} {[%emt
00:00:05]} 2. c4 {[%clk 01:31:10]} {[%emt 00:00:16]} e6 {[%clk 01:31:21]}
{[%emt 00:00:03]} 3. Nc3 {[%clk 01:31:27]} {[%emt 00:00:14]} d5 {[%clk
01:31:47]} {[%emt 00:00:04]} 4. Bg5 {[%clk 01:31:46]} {[%emt 00:00:11]} Be7
{[%clk 01:32:12]} {[%emt 00:00:05]} 5. Nf3 {[%clk 01:31:39]} {[%emt 00:00:38]}
c6 {[%clk 01:31:23]} {[%emt 00:01:17]} 6. e3 {[%clk 01:31:18]} {[%emt
00:00:52]} Nbd7 {[%clk 01:31:22]} {[%emt 00:00:30]} 7. Qc2 {[%clk 01:31:17]}
{[%emt 00:00:32]} h6 {[%clk 01:31:18]} {[%emt 00:00:33]} 8. Bh4 {[%clk
01:31:20]} {[%emt 00:00:28]} O-O {[%clk 01:31:09]} {[%emt 00:00:38]} 9. Bd3
{[%clk 01:31:25]} {[%emt 00:00:24]} dxc4 {[%clk 01:31:16]} {[%emt 00:00:23]}
10. Bxc4 {[%clk 01:31:47]} {[%emt 00:00:09]} b5 {[%clk 01:31:32]} {[%emt
00:00:13]} 11. Bd3 {[%clk 01:30:08]} {[%emt 00:02:09]} Bb7 {[%clk 01:31:53]}
{[%emt 00:00:10]} 12. e4 {[%clk 01:25:47]} {[%emt 00:04:52]} a6 {[%clk
01:29:20]} {[%emt 00:03:02]} 13. O-O {[%clk 01:21:53]} {[%emt 00:04:24]} c5
{[%clk 01:29:10]} {[%emt 00:00:40]} 14. e5 {[%clk 01:13:58]} {[%emt 00:08:26]}
Nd5 {[%clk 01:27:48]} {[%emt 00:01:52]} 15. Bxe7 {[%clk 01:14:18]} {[%emt
00:00:11]} Qxe7 {[%clk 01:27:49]} {[%emt 00:00:27]} 16. Be4 {[%clk 01:07:29]}
{[%emt 00:07:20]} cxd4 {[%clk 01:26:41]} {[%emt 00:01:38]} 17. Bxd5 {[%clk
01:07:32]} {[%emt 00:00:27]} exd5 {[%clk 01:26:51]} {[%emt 00:00:21]} 18. Nxd4
{[%clk 01:06:27]} {[%emt 00:01:35]} Nxe5 {[%clk 01:21:47]} {[%emt 00:05:34]}
19. Rfe1 {[%clk 01:02:06]} {[%emt 00:04:50]} Qf6 {[%clk 01:21:12]} {[%emt
00:01:04]} 20. a3 {[%clk 00:57:52]} {[%emt 00:04:45]} g6 {[%clk 01:15:41]}
{[%emt 00:06:00]} 21. Rad1 {[%clk 00:55:27]} {[%emt 00:02:56]} Rfe8 {[%clk
01:14:35]} {[%emt 00:01:35]} 22. Nb3 {[%clk 00:45:28]} {[%emt 00:10:28]} Rad8
{[%clk 01:05:22]} {[%emt 00:09:44]} 23. h3 {[%clk 00:40:39]} {[%emt 00:05:19]}
Qg5 {[%clk 00:56:51]} {[%emt 00:09:02]} 24. Nd4 {[%clk 00:33:14]} {[%emt
00:07:55]} Qf4 {[%clk 00:53:03]} {[%emt 00:04:16]} 25. Nce2 {[%clk 00:32:05]}
{[%emt 00:01:40]} Qf6 {[%clk 00:50:26]} {[%emt 00:03:08]} 26. Nc3 {[%clk
00:28:27]} {[%emt 00:04:07]} Kg7 {[%clk 00:41:49]} {[%emt 00:09:08]} 27. Qc1
{[%clk 00:14:43]} {[%emt 00:14:14]} Rc8 {[%clk 00:33:48]} {[%emt 00:08:31]} 28.
Qd2 {[%clk 00:12:37]} {[%emt 00:02:36]} Nc4 {[%clk 00:33:52]} {[%emt 00:00:25]}
29. Qd3 {[%clk 00:08:39]} {[%emt 00:04:29]} Nxb2 {[%clk 00:34:04]} {[%emt
00:00:18]} 30. Qd2 {[%clk 00:07:07]} {[%emt 00:02:01]} Nxd1 {[%clk 00:32:42]}
{[%emt 00:01:53]} 31. Rxd1 {[%clk 00:07:09]} {[%emt 00:00:29]} Rc4 {[%clk
00:31:17]} {[%emt 00:01:54]} 32. Nce2 {[%clk 00:06:31]} {[%emt 00:01:08]} Qe7
{[%clk 00:29:18]} {[%emt 00:02:28]} 33. Qb2 {[%clk 00:06:35]} {[%emt 00:00:27]}
Qf6 {[%clk 00:28:25]} {[%emt 00:01:24]} 34. Qd2 {[%clk 00:06:08]} {[%emt
00:00:56]} Kh7 {[%clk 00:21:51]} {[%emt 00:07:04]} 35. Qa5 {[%clk 00:02:54]}
{[%emt 00:03:44]} Re4 {[%clk 00:17:44]} {[%emt 00:04:37]} 36. Qd2 {[%clk
00:02:15]} {[%emt 00:01:09]} Bc8 {[%clk 00:16:47]} {[%emt 00:01:27]} 37. f3
{[%clk 00:02:19]} {[%emt 00:00:27]} Re7 {[%clk 00:16:03]} {[%emt 00:01:08]} 38.
Nc3 {[%clk 00:02:28]} {[%emt 00:00:27]} Bb7 {[%clk 00:15:51]} {[%emt 00:00:42]}
39. Nde2 {[%clk 00:02:44]} {[%emt 00:00:14]} Qd6 {[%clk 00:11:18]} {[%emt
00:05:02]} 40. Ne4 {[%clk 00:01:17]} {[%emt 00:01:59]} Qb6 {[%clk 00:10:51]}
{[%emt 00:00:56]} 41. Nf2 {[%emt 00:00:39]} Qc5 {[%emt 00:00:12]} 0-1

[Event "DVM U12 2022"]
[Site "München GER"]
[Date "2022.12.27"]
[Round "2"]
[White "Büchel, David"]
[Black "Arne, Jonas"]
[Result "1/2-1/2"]
[Termination "normal"]
[Board "4.2"]
[WhiteElo "1611"]
[BlackElo "1394"]
[WhiteClock "00:01:46"]
[BlackClock "00:09:54"]
[WhiteTeam "SF München"]
[BlackTeam "SG Kaiserslautern 1905"]
[PlyCount "82"]
[WhiteFideId "34603689"]
[BlackFideId "34640398"]
[EventCountry "GER"]
[EventRounds "7"]
[EventType "team-swiss"]
[EventDate "2022.12.26"]

1. e4 {[%clk 01:30:58]} {[%emt 00:00:01]} c5 {[%clk 01:30:56]} {[%emt
00:00:05]} 2. Nf3 {[%clk 01:31:20]} {[%emt 00:00:07]} e6 {[%clk 01:30:08]}
{[%emt 00:01:19]} 3. d4 {[%clk 01:31:44]} {[%emt 00:00:06]} cxd4 {[%clk
01:30:26]} {[%emt 00:00:12]} 4. Nxd4 {[%clk 01:32:09]} {[%emt 00:00:05]} Nf6
{[%clk 01:30:47]} {[%emt 00:00:09]} 5. Nc3 {[%emt 00:01:10]} a6 {[%clk
01:28:58]} {[%emt 00:02:38]} 6. Be3 {[%clk 01:29:51]} {[%emt 00:03:05]} Nc6
{[%clk 01:24:43]} {[%emt 00:04:46]} 7. a3 {[%clk 01:28:54]} {[%emt 00:01:27]}
d5 {[%clk 01:21:51]} {[%emt 00:03:21]} 8. exd5 {[%clk 01:24:31]} {[%emt
00:04:53]} Nxd5 {[%clk 01:20:24]} {[%emt 00:01:57]} 9. Nxd5 {[%clk 01:21:26]}
{[%emt 00:03:35]} Qxd5 {[%clk 01:19:59]} {[%emt 00:00:55]} 10. Nb3 {[%clk
01:16:08]} {[%emt 00:05:48]} Qxd1 {[%emt 00:07:54]} 11. Rxd1 {[%clk 01:16:01]}
{[%emt 00:00:33]} Be7 {[%clk 01:11:16]} {[%emt 00:01:54]} 12. g3 {[%clk
01:13:01]} {[%emt 00:03:29]} O-O {[%clk 01:04:31]} {[%emt 00:07:15]} 13. Bg2
{[%clk 01:12:34]} {[%emt 00:00:57]} Rd8 {[%clk 01:02:22]} {[%emt 00:02:40]} 14.
O-O {[%clk 01:11:14]} {[%emt 00:01:49]} e5 {[%clk 00:52:04]} {[%emt 00:10:49]}
15. Rxd8 {[%clk 01:05:59]} {[%emt 00:05:44]} Nxd8 {[%clk 00:47:46]} {[%emt
00:04:48]} 16. f4 {[%clk 01:03:56]} {[%emt 00:02:32]} exf4 {[%clk 00:45:59]}
{[%emt 00:02:19]} 17. Bxf4 {[%clk 01:03:41]} {[%emt 00:00:44]} Ne6 {[%clk
00:46:12]} {[%emt 00:00:17]} 18. Be3 {[%clk 00:58:12]} {[%emt 00:05:59]} Bd8
{[%clk 00:43:30]} {[%emt 00:03:13]} 19. Bd5 {[%clk 00:52:23]} {[%emt 00:06:18]}
Bf6 {[%clk 00:42:12]} {[%emt 00:01:48]} 20. c3 {[%clk 00:50:23]} {[%emt
00:02:30]} Nc7 {[%clk 00:40:50]} {[%emt 00:01:53]} 21. Bg2 {[%clk 00:47:46]}
{[%emt 00:03:04]} Ne6 {[%clk 00:38:33]} {[%emt 00:02:48]} 22. Rd1 {[%clk
00:39:30]} {[%emt 00:08:45]} Nd8 {[%clk 00:34:57]} {[%emt 00:04:09]} 23. Bd4
{[%clk 00:37:01]} {[%emt 00:02:59]} Bg4 {[%clk 00:28:38]} {[%emt 00:06:49]} 24.
Re1 {[%clk 00:33:46]} {[%emt 00:03:42]} Nc6 {[%clk 00:22:22]} {[%emt 00:06:50]}
25. Bxf6 {[%clk 00:31:43]} {[%emt 00:02:32]} gxf6 {[%clk 00:22:41]} {[%emt
00:00:10]} 26. h3 {[%clk 00:28:36]} {[%emt 00:03:37]} Be6 {[%clk 00:19:01]}
{[%emt 00:04:11]} 27. Nc5 {[%clk 00:28:02]} {[%emt 00:01:33]} Nd8 {[%clk
00:19:12]} {[%emt 00:00:50]} 28. Nxb7 {[%clk 00:21:19]} {[%emt 00:07:13]} Nxb7
{[%clk 00:18:53]} {[%emt 00:00:49]} 29. Bxb7 {[%clk 00:21:41]} {[%emt
00:00:08]} Rb8 {[%clk 00:19:18]} {[%emt 00:00:05]} 30. Bxa6 {[%clk 00:22:06]}
{[%emt 00:00:06]} Rxb2 {[%clk 00:19:35]} {[%emt 00:00:13]} 31. Rc1 {[%clk
00:18:49]} {[%emt 00:03:46]} Ra2 {[%clk 00:17:05]} {[%emt 00:03:00]} 32. Bf1
{[%clk 00:15:06]} {[%emt 00:04:12]} Rxa3 {[%clk 00:17:14]} {[%emt 00:00:22]}
33. Kf2 {[%clk 00:09:27]} {[%emt 00:06:07]} Kf8 {[%clk 00:16:09]} {[%emt
00:01:37]} 34. c4 {[%clk 00:08:58]} {[%emt 00:00:59]} Ke7 {[%clk 00:15:41]}
{[%emt 00:00:58]} 35. Rd1 {[%clk 00:06:05]} {[%emt 00:03:22]} Rc3 {[%clk
00:13:53]} {[%emt 00:02:19]} 36. Rd4 {[%clk 00:05:51]} {[%emt 00:00:43]} Kf8
{[%clk 00:13:41]} {[%emt 00:00:43]} 37. g4 {[%clk 00:03:21]} {[%emt 00:02:58]}
Kg7 {[%clk 00:12:05]} {[%emt 00:02:08]} 38. h4 {[%clk 00:02:16]} {[%emt
00:01:35]} f5 {[%clk 00:10:10]} {[%emt 00:02:25]} 39. gxf5 {[%clk 00:01:55]}
{[%emt 00:00:51]} Bxf5 {[%clk 00:10:24]} {[%emt 00:00:16]} 40. Rd5 {[%clk
00:01:36]} {[%emt 00:00:48]} Be6 {[%clk 00:09:54]} {[%emt 00:01:01]} 41. Rd4
{[%clk 00:01:46]} {[%emt 00:00:19]} Bc8 {[%emt 00:00:28]} 1/2-1/2

[Event "DVM U12 2022"]
[Site "München GER"]
[Date "2022.12.27"]
[Round "2"]
[White "Klein, Deniz"]
[Black "Merenda, Lukas-Benedikt"]
[Result "1/2-1/2"]
[Termination "normal"]
[Board "4.3"]
[WhiteElo "1362"]
[BlackElo "1502"]
[WhiteClock "00:11:07"]
[BlackClock "00:06:04"]
[WhiteTeam "SG Kaiserslautern 1905"]
[BlackTeam "SF München"]
[PlyCount "93"]
[WhiteFideId "34611282"]
[BlackFideId "34603336"]
[EventCountry "GER"]
[EventRounds "7"]
[EventType "team-swiss"]
[EventDate "2022.12.26"]

1. c4 {[%clk 01:30:57]} {[%emt 00:00:03]} Nf6 {[%clk 01:30:57]} {[%emt
00:00:03]} 2. g3 {[%clk 01:31:10]} {[%emt 00:00:16]} g6 {[%clk 01:31:24]}
{[%emt 00:00:03]} 3. Bg2 {[%clk 01:31:27]} {[%emt 00:00:12]} Bg7 {[%clk
01:31:50]} {[%emt 00:00:06]} 4. Nc3 {[%clk 01:31:45]} {[%emt 00:00:11]} O-O
{[%clk 01:32:13]} {[%emt 00:00:07]} 5. e3 {[%clk 01:31:52]} {[%emt 00:00:22]}
d6 {[%clk 01:32:10]} {[%emt 00:00:34]} 6. Nge2 {[%clk 01:31:22]} {[%emt
00:01:00]} e5 {[%clk 01:29:37]} {[%emt 00:03:03]} 7. O-O {[%clk 01:29:49]}
{[%emt 00:02:04]} c6 {[%clk 01:26:08]} {[%emt 00:03:59]} 8. d4 {[%clk
01:26:17]} {[%emt 00:04:01]} Be6 {[%clk 01:24:31]} {[%emt 00:02:07]} 9. d5
{[%clk 01:23:09]} {[%emt 00:03:38]} Bg4 {[%clk 01:23:22]} {[%emt 00:01:40]} 10.
Qc2 {[%clk 01:16:44]} {[%emt 00:06:54]} Bxe2 {[%clk 01:20:25]} {[%emt
00:03:27]} 11. Qxe2 {[%clk 01:16:50]} {[%emt 00:00:24]} Nfd7 {[%clk 01:08:04]}
{[%emt 00:12:51]} 12. Rd1 {[%clk 01:10:38]} {[%emt 00:06:42]} c5 {[%clk
01:00:53]} {[%emt 00:07:42]} 13. e4 {[%clk 01:01:05]} {[%emt 00:10:02]} Nb6
{[%clk 00:50:20]} {[%emt 00:11:03]} 14. b3 {[%clk 00:57:55]} {[%emt 00:03:40]}
Nc8 {[%clk 00:50:15]} {[%emt 00:00:35]} 15. Be3 {[%clk 00:54:20]} {[%emt
00:04:04]} Ne7 {[%clk 00:49:32]} {[%emt 00:01:13]} 16. Qd2 {[%clk 00:53:04]}
{[%emt 00:01:47]} f5 {[%clk 00:46:12]} {[%emt 00:03:50]} 17. Bg5 {[%clk
00:45:06]} {[%emt 00:08:27]} a6 {[%clk 00:36:11]} {[%emt 00:10:32]} 18. Bxe7
{[%clk 00:43:05]} {[%emt 00:02:30]} Qxe7 {[%clk 00:36:32]} {[%emt 00:00:09]}
19. Re1 {[%clk 00:37:20]} {[%emt 00:06:15]} Nd7 {[%clk 00:34:23]} {[%emt
00:02:39]} 20. Rad1 {[%clk 00:33:36]} {[%emt 00:04:14]} Rf7 {[%clk 00:31:26]}
{[%emt 00:03:28]} 21. Qd3 {[%clk 00:29:44]} {[%emt 00:04:22]} Raf8 {[%clk
00:27:57]} {[%emt 00:03:59]} 22. Bh3 {[%clk 00:25:26]} {[%emt 00:04:47]} Kh8
{[%clk 00:26:44]} {[%emt 00:01:43]} 23. Rd2 {[%clk 00:23:32]} {[%emt 00:02:24]}
f4 {[%clk 00:25:40]} {[%emt 00:01:34]} 24. Rc2 {[%clk 00:21:28]} {[%emt
00:02:34]} Qg5 {[%clk 00:19:28]} {[%emt 00:06:42]} 25. Bg2 {[%clk 00:20:51]}
{[%emt 00:01:07]} f3 {[%clk 00:18:06]} {[%emt 00:01:52]} 26. Bh3 {[%clk
00:20:20]} {[%emt 00:01:01]} Qh5 {[%clk 00:17:26]} {[%emt 00:01:10]} 27. Be6
{[%clk 00:19:41]} {[%emt 00:01:09]} Re7 {[%clk 00:16:59]} {[%emt 00:00:57]} 28.
Re3 {[%clk 00:18:25]} {[%emt 00:01:46]} Bh6 {[%clk 00:16:50]} {[%emt 00:00:39]}
29. Re1 {[%clk 00:18:41]} {[%emt 00:00:14]} Rf6 {[%clk 00:14:38]} {[%emt
00:02:42]} 30. Nd1 {[%clk 00:17:00]} {[%emt 00:02:11]} Nf8 {[%clk 00:13:07]}
{[%emt 00:02:01]} 31. Ne3 {[%clk 00:15:05]} {[%emt 00:02:25]} Nxe6 {[%clk
00:13:29]} {[%emt 00:00:08]} 32. dxe6 {[%clk 00:15:24]} {[%emt 00:00:11]} Rfxe6
{[%clk 00:12:36]} {[%emt 00:01:23]} 33. Rc3 {[%clk 00:15:15]} {[%emt 00:00:39]}
Rf7 {[%clk 00:11:44]} {[%emt 00:01:21]} 34. Qf1 {[%clk 00:14:06]} {[%emt
00:01:39]} Bxe3 {[%clk 00:10:49]} {[%emt 00:01:25]} 35. Rexe3 {[%clk 00:14:20]}
{[%emt 00:00:16]} g5 {[%clk 00:10:47]} {[%emt 00:00:32]} 36. h3 {[%clk
00:14:11]} {[%emt 00:00:39]} g4 {[%clk 00:09:32]} {[%emt 00:01:45]} 37. h4
{[%clk 00:14:34]} {[%emt 00:00:07]} Rd7 {[%clk 00:08:39]} {[%emt 00:01:24]} 38.
Red3 {[%clk 00:14:45]} {[%emt 00:00:19]} Qg6 {[%clk 00:08:46]} {[%emt
00:00:22]} 39. Qe1 {[%clk 00:14:54]} {[%emt 00:00:22]} Qe8 {[%clk 00:08:15]}
{[%emt 00:01:01]} 40. Rc2 {[%clk 00:15:00]} {[%emt 00:00:24]} Qd8 {[%clk
00:08:04]} {[%emt 00:00:41]} 41. Kf1 {[%clk 00:15:04]} {[%emt 00:00:26]} Kg7
{[%clk 00:07:37]} {[%emt 00:00:57]} 42. Qd2 {[%clk 00:14:57]} {[%emt 00:00:38]}
Rg6 {[%clk 00:06:38]} {[%emt 00:01:29]} 43. Rb2 {[%clk 00:14:14]} {[%emt
00:01:13]} b5 {[%clk 00:06:44]} {[%emt 00:00:24]} 44. Rc2 {[%clk 00:14:10]}
{[%emt 00:00:34]} Qb6 {[%clk 00:06:27]} {[%emt 00:00:46]} 45. Ke1 {[%clk
00:12:29]} {[%emt 00:02:12]} Qc6 {[%clk 00:06:26]} {[%emt 00:00:31]} 46. Rd5
{[%clk 00:11:29]} {[%emt 00:01:30]} b4 {[%clk 00:06:04]} {[%emt 00:00:52]} 47.
Rb2 {[%clk 00:11:07]} {[%emt 00:00:52]} 1/2-1/2